000 01512nam a2200361 i 4500
001 37664
003 ES-MaACL
005 20240225063048.0
007 t|
008 030221s1959 sp ||||1| spa d
100 0 _aBuzzati, Dino,
_d1906-1972
_933002
245 1 0 _aObras de Dino Buzzati.
260 _aBarcelona :
_bPlaza J. Janés,
_c1959 (
_fMiguza)
300 _aXV, 1372 p. :
_bretr. aut. ;
_c18 cm.
490 1 _aMaestros de hoy
505 8 _aContiene: El secreto del bosque viejo / traducción de Antonio Espina. El desierto de los tártaros / traducción de Hellen Ferro. Los siete mensajeros / traducción de Rafael Oliver. Pánico en la "Scala" / traducción de J. Farrán y Mayoral. El perro que ha visto a Dios. En aquel preciso momento / traducción de Domingo Pruna. Cuentos / traducido por Domingo Pruna. Un caso clínico / traducción de Domingo Pruna
700 1 _aEspina, Antonio,
_d1894-1972
_947833
700 1 _aFerro, Hellen.
_950593
700 1 _aOiver, Rafael.
_986596
700 1 _aFarrán y Mayoral, J.
_948882
700 1 _aPruna, Domingo.
_994081
740 3 _aEl secreto del bosque viejo.
740 3 _aEl desierto de los tártaros.
740 4 _aLos siete mensajeros.
740 0 _aPánico en la "Scala"
740 3 _aEl perro que ha visto a Dios.
740 0 _aEn aquel preciso momento.
740 0 _aCuentos.
740 3 _aUn caso clínico.
830 0 _aMaestros de hoy
_9182411
852 _aES-MaACL
_jE-5131
999 _c37664
_d37664